000 00805nam a2200241 i 4500
003 DO-SdBNP
005 20250529104006.0
007 ta
008 250529b2024 dr ao||| |||| 00| 0 spa d
040 _aDO-SdBNP
_bspa
_cBNPHU
_erda
082 _axxxx
_bS232
_222
100 1 _aSantana Reyes, Jasklyn
_eautora
_4aut.
_987377
245 1 4 _aMis primeros 3 meses :
_bguía de negocios /
_cJasklyn Santana Reyes
246 1 _aMis primeros tres meses :
_bguía de negocios /
264 _a[Santo Domingo] :
_b[editor no identificado],
_c[2024].
300 _a52 páginas ;
_bilustraciones, fotografías
_c14 cm.
336 _atexto
_btxt
_2rdacontent
337 _asin mediación
_bn
_2rdamedia
338 _avolumen
_bnc
_2rdacarrier
590 _aInventariado, 2025/ YL
910 _aYLockward
942 _2ddc
_cLBS1
999 _c58656
_d58656